00000000nam##2200000za#4500
0019.633317
003CaOODSP
00520210624215252
007cr |||||||||||
008150407|2006||||xxc|||||o    f|0| 0 fre|d
020 |a0-662-72667-7
040 |aCaOODSP|bfre
043 |an-cn---
0861 |aFs114-5/2006F-PDF
1101 |aCanada. |bMinistère des pêches et des océans.
24510|aInitiative Canada - Terre-Neuve-et-Labrador de renouvellement de l'industrie de la pêche : |h[ressource électronique]|bdocument de travail
24614|aCanada - Terre-Neuve-et-Labrador Renouvellement de l'industrie de la pêche : document de travail
260 |aSt. John's - Terre-Neuve et Labrador : |bPêches et Océans Canada |c2006.
300 |a57p.|bgraphiques, tableaux
500 |aLe n° de catalogue (Fs114-5/2006F) et l'ISBN (0-662-72666-9) pour l'édition imprimée ont été incorrectement copiés dans cette édition PDF.
5203 |aCe document de travail se penche sur la nécessité de changer l’industrie de la pêche de Terre-Neuve-et-Labrador. Il présente les enjeux extérieurs et intérieurs de l’industrie et fait état des progrès réalisés depuis la mise en Ĺ“uvre de l’initiative en mai 2006. Le document discute des principaux enjeux stratégiques touchant la pêche, la transformation, la commercialisation et la technologie. L’objectif est d’obtenir l’apport des gouvernements participants, des représentants de l’industrie et des collectivités afin d’élaborer une stratégie de renouvellement intégrée pour l’industrie de la pêche de la province.
590 |a07-19|b2007-05-11
69107|aGestion des pêches|2gcpds
69107|aMarketing|2gcpds
69107|aRestructuration|2gcpds
77508|tCanada - Newfoundland and Labrador fishing industry renewal initiative : |w(CaOODSP)9.688898
7760#|tInitiative Canada - Terre-Neuve-et-Labrador de renouvellement de l'industrie de la pêche : |w(CaOODSP)9.683457
85640|ahttp://publications.gc.ca|qPDF|s3280 Ko|uhttps://publications.gc.ca/collections/collection_2007/dfo-mpo/Fs114-5-2006F.pdf